Cyprus and the war of Greek independence 1821-1829

Saved in:
Bibliographic Details
Main Author: Koumoulides, John T. A., 1938-
Format: Book
Language:English
Published: Αθήνα : Εθνικό Κέντρο Κοινωνικών Ερευνών, 1971.
Subjects:
Tags: Add Tag
No Tags, Be the first to tag this record!

MARC

LEADER 00000cam a2200000 i 4500
001 1/53981
008 950621s1971 gr | ||| |||| | eng d
035 |l 10027609 
040 |a GR-MY-UA  |b gre  |e aacr 
041 0 |a eng 
082 0 |a 956.45  
100 1 |a Koumoulides, John T. A.,   |d 1938- 
245 1 0 |a Cyprus and the war of Greek independence 1821-1829 /   |c John T. A. Koumoulides.  
260 |a Αθήνα :   |b Εθνικό Κέντρο Κοινωνικών Ερευνών,   |c 1971.  
300 |a 141 σ. ;   |c 24 εκ.  
651 0 |a Cyprus  |x History  |y 19th century. 
651 0 |a Greece  |x History  |y War of Independence, 1821-1829. 
852 |a INST  |b CHIOS  |e 19960322  |h 956.45 KOU  |p 005200000580  |q 005200000580  |t BK  |y 0 
852 |a INST  |b LESVOS  |e 19950801  |h 956.45 KOU  |p 005100005387  |q 005100005387  |t BK  |y 0 
852 |a INST  |b LESVOS  |e 19950621  |h 956.45 KOU  |p 005100005417  |q 005100005417  |t BK  |y 0 
852 |a INST  |b LESVOS  |e 19950801  |h 956.45 KOU  |p 005100008643  |q 005100008643  |t BK  |y 0